Pacific Countries - Sudden Death - Statistics

General Stats
  • This quiz has been taken 222 times
  • The average score is 8 of 14
Answers on the Grid
Answers color-coded by a green-red scale on the quiz's grid according to % correct below.
American Samoa
Brunei
Cook Islands
Easter Island
Fiji
French Polynesia
Guam
Kiribati
Marquesas islands
Marshall Islands
Micronesia (Fed St)
Nauru
New Caledonia
Niue
Norfolk Island
Northern Mariana Islands
Palau
Pitcairn Island
Samoa
Solomon Islands
Tahiti
Tokelau
Tonga
Tuvalu
Vanuatu
 
Answer Stats
Answer % Correct
Fiji
77%
Kiribati
72%
Nauru
63%
Palau
63%
Tonga
63%
Vanuatu
63%
Solomon Islands
62%
Tuvalu
61%
Marshall Islands
60%
Samoa
59%
Micronesia (Fed St)
57%
Brunei
49%
Cook Islands
35%
Niue
22%
No matching quizzes found
Score Distribution
Percent of People with Each Score
Percentile by Number Answered
Your Score History
You have not taken this quiz